| 000 | 00576nam a22001817a 4500 | ||
|---|---|---|---|
| 005 | 20230329085149.0 | ||
| 008 | 230328b |||||||| |||| 00| 0 eng d | ||
| 020 | _a978-1-98462-313-3 | ||
| 082 | _a647.268 T531 2019 | ||
| 110 |
_a3G E-Learning _eauthor |
||
| 245 |
_a3G handy guide: _bfront office operations / _c3G E-Learning |
||
| 260 |
_aNew York: _b3G E-Learning, _cc2019. |
||
| 300 |
_ax, 218p.: _bcol. ill. |
||
| 504 | _aIncludes bibliographical references and index | ||
| 541 | _e6308 | ||
| 650 | _aHotel front desk personnel | ||
| 650 | _aHotels and motels - Management | ||
| 999 |
_c2021 _d2021 |
||